000 00673nam a2200205Ia 4500
003 GCL
008 140319s9999 xx 000 0 ara d
040 _aGCL /
_cGCL
082 0 4 _a920.72
_bع ا
100 1 _aعبدالعزيز الشناوى
245 1 0 _aامهات الصحابة /
_cعبدالعزيز الشناوى
260 _aالقاهرة :
_bمكتبة الايمان للطبع والنشر والتوزيع ،
_c1992
300 _a121 ص ؛
_c24 سم
490 _a
650 0 4 _aالاسلام
650 0 4 _aالصحابة والتابعون
650 0 4 _aالنساء - تراجم
650 0 4 _aالمرأة فى الاسلام
942 _2ddc
_cBK
999 _c39098
_d39098